Διοίκηση αθλητικών οργανισμών και επιχειρήσεων
Saved in:
| Main Author: | |
|---|---|
| Format: | Book |
| Language: | Greek |
| Published: |
Αθήνα :
Κλειδάριθμος,
2005
|
| Subjects: | |
| Tags: |
Add Tag
No Tags, Be the first to tag this record!
|
MARC
| LEADER | 00000nam a2200000 i 4500 | ||
|---|---|---|---|
| 001 | 1/85826 | ||
| 008 | 080521s2005 gre d | ||
| 020 | |a 960-209-819-8 | ||
| 035 | |l 10097515 | ||
| 040 | |a GR-MY-UA |b gre |e aacr | ||
| 041 | 0 | |a gre | |
| 082 | 0 | |a 796.069 |2 (22) | |
| 100 | 1 | |a Παπαδημητρίου, Δήμητρα. | |
| 245 | 1 | 0 | |a Διοίκηση αθλητικών οργανισμών και επιχειρήσεων / |c Δήμητρα Παπαδημητρίου |
| 260 | |a Αθήνα : |b Κλειδάριθμος, |c 2005 | ||
| 300 | |a 349 σ.; |b εικ., πίν.; |c 24 εκ. | ||
| 504 | |a Βιβλιογραφία: σ. 225-248 | ||
| 650 | 0 | 0 | |a Sports |x Management. |
| 650 | 0 | 0 | |a Sports administration. |
| 852 | |a INST |b LESVOS |e 20080521 |h 796.069 ΠΑΠ |p 005100039771 |q 005100039771 |t BK |y 0 | ||
| 901 | |a BIBL1-2008-2 | ||
| 909 | |a Λ |b 142227 | ||
| 922 | |a 1ΕΛΗ |b 200711 |c ΕΠΕΑΕΚ2/ΤΚ |d Σ. ΠΑΤΑΚΗΣ | ||
| 970 | |a ΚΑΡΑ |b ΓΙΑΣΕΜΗ |z 2008/05/21 | ||